000 00497nam a2200193Ia 4500
001 15819
003 GE_BSU
008 181216s||||||||xx |||||||||||||| ||und||
040 _cGE_BSU
100 _aჭანტურია, ტარიელ
245 _aპოემები
245 _bპოემები
260 _aთბილისი
260 _bმერანი
260 _c1979.
300 _a139გვ. ; 16სმ..
653 _aპოემები
942 _cBK
999 _c48916
_d48916